000 00295nam a22001337a 4500
008 171121b xxu||||| |||| 00| 0 eng d
020 _a9780073529912
041 _aeng
080 _a336
100 _a60
101 _aMAR
245 _aCONTEMPORARY ADVERTISING
_cARENS.W.F
942 _2udc
_cBK
999 _c38276
_d38276